000
00261nam a22001217a 4500
020
_a
0-00-435269-6
082
_a
641.5 WRI'B
100
_a
WRIGHT, CAROL
_9
76647
245
_a
BUDGET RECIPES
260
_a
LONDON
_b
COLLINS
_c
1973
300
_a
104P
942
_c
BK
999
_c
581996
_d
581996